[Event "AUTO-ADV-4024"]
[Site "http://www.queenalice.com/game.php?id=1529545"]
[Date "2018.6.3"]
[Round "1"]
[White "Sotto"]
[Black "korchnoi"]
[Result "0-1"]
[WhiteElo "1979"]
[BlackElo "1728"]

1. d4 d5 2. Bf4 e6 3. Nf3 Nc6 4. e3 Nf6 5. c3 Bd6 6. Ne5 O-O 7. Bd3 Bxe5 8. dxe5
Ne4 9. Qf3 f5 10. exf6 Nxf6 11. Bg5 Ne5 12. Qe2 Nxd3+ 13. Qxd3 e5 14. O-O c5 15.
Rd1 Be6 16. f3 c4 17. Qc2 Qb6 18. Qe2 e4 19. Nd2 exf3 20. Nxf3 Ne4 21. Bf4 Rxf4
22. Nd4 Rf2 0-1

[Event "AUTO-ADV-4024"]
[Site "http://www.queenalice.com/game.php?id=1529546"]
[Date "2018.6.3"]
[Round "1"]
[White "korchnoi"]
[Black "Sotto"]
[Result "0-1"]
[WhiteElo "1696"]
[BlackElo "1966"]

1. e4 c5 2. Nf3 Nc6 3. d3 e6 4. Be2 Nge7 5. Nc3 a6 6. Be3 Ng6 7. O-O Be7 8. Re1
b6 9. d4 cxd4 10. Nxd4 Bb7 11. Nxc6 Bxc6 12. Bf3 Qc7 13. Qd4 Bf6 14. Qd1 O-O 15.
Rb1 Be5 16. g3 b5 17. Ne2 f5 18. Bg2 f4 19. Nxf4 Nxf4 20. Bxf4 Bxf4 21. gxf4
Qxf4 22. Re3 Qxf2+ 0-1

[Event "AUTO-ADV-4024"]
[Site "http://www.queenalice.com/game.php?id=1529547"]
[Date "2018.6.3"]
[Round "1"]
[White "Sotto"]
[Black "VictorArruda"]
[Result "1-0"]
[WhiteElo "1920"]
[BlackElo "1922"]

1. d4 d5 2. Bf4 Nf6 3. e3 e6 4. Nf3 c5 5. c3 cxd4 6. exd4 Nc6 7. Nbd2 Bd6 8. Ne5
h6 9. Bd3 O-O 10. h4 a6 11. g4 Nxe5 12. dxe5 Bxe5 13. Bxe5 b5 14. g5 Nd7 15. Bd6
Re8 16. gxh6 gxh6 17. Qh5 1-0

[Event "AUTO-ADV-4024"]
[Site "http://www.queenalice.com/game.php?id=1529548"]
[Date "2018.6.3"]
[Round "1"]
[White "VictorArruda"]
[Black "Sotto"]
[Result "0-1"]
[WhiteElo "1910"]
[BlackElo "1933"]

1. d4 d5 2. c4 e5 3. cxd5 Qxd5 4. dxe5 Bb4+ 5. Bd2 Nc6 6. Nc3 Qxe5 7. Nf3 Qf6 8.
e3 Bg4 9. Be2 O-O-O 10. Qc2 h6 11. O-O Nge7 12. h3 Bf5 13. Qc1 g5 14. a3 Ba5 15.
b4 Bb6 16. Rd1 h5 17. e4 g4 18. exf5 gxf3 19. Bxf3 Qxf5 20. Ne2 Rdg8 21. Qc3 Ne5
22. Kh2 Nxf3+ 23. Qxf3 Qxf3 24. gxf3 Bxf2 25. Rac1 h4 26. Bf4 Bb6 27. a4 a5 28.
bxa5 Bxa5 29. Nd4 Nd5 30. Bd2 Bxd2 31. Rxd2 Ne3 32. Nb5 c6 33. Rb2 Rh6 34. Rb3
Re6 35. Rd3 Kb8 36. Nc3 Rg2+ 37. Kh1 Rg3 0-1

[Event "Challenge"]
[Site "http://www.queenalice.com/game.php?id=1531601"]
[Date "2018.6.17"]
[Round "-"]
[White "Guilhermerocha"]
[Black "Sotto"]
[Result "0-1"]
[WhiteElo "1746"]
[BlackElo "1968"]

1. e4 c5 2. d4 cxd4 3. Qxd4 Nc6 4. Qd2 Nf6 5. a3 Nxe4 6. Qe3 d5 7. Bb5 e6 8. Nc3
Nxc3 9. Qxc3 Qb6 10. Bxc6+ Qxc6 11. Bd2 Qxc3 12. Bxc3 b6 13. Ne2 Ba6 14. Nd4 Rc8
15. Bd2 Bc5 16. Nb3 Bd6 17. O-O-O Bc4 18. Bc3 f6 19. Nd4 Kf7 20. Kb1 Bc5 21.
Rhe1 e5 22. Nb3 Bxf2 23. Rh1 Bxb3 24. cxb3 d4 25. Bb4 Rc6 26. Rd2 Be3 27. Rc2
Rxc2 28. Kxc2 Rc8+ 29. Kb1 Rc6 30. g4 a6 31. a4 a5 32. Ba3 d3 33. b4 d2 34. b3
axb4 35. Bb2 Bf4 36. h4 e4 37. Rf1 Bg3 38. Bd4 Be1 0-1

[Event "Challenge"]
[Site "http://www.queenalice.com/game.php?id=1531602"]
[Date "2018.6.17"]
[Round "-"]
[White "Sotto"]
[Black "Guilhermerocha"]
[Result "1-0"]
[WhiteElo "1978"]
[BlackElo "1749"]

1. d4 c5 2. d5 h6 3. e4 g5 4. h4 g4 5. Qxg4 Nf6 6. Qe2 e6 7. dxe6 fxe6 8. Bf4
Qb6 9. b3 Bg7 10. e5 Nd5 11. Bd2 Nb4 12. Bc3 N8c6 13. f4 Rf8 14. g3 Nd4 15. Bxd4
cxd4 16. Nf3 Qc6 17. Na3 a6 18. Bg2 Qc3+ 19. Kf2 d3 20. Qe3 Nxc2 21. Nxc2 Qxc2+
22. Qd2 d6 23. Qxc2 dxc2 24. Rhe1 dxe5 25. Nxe5 Bxe5 26. Rxe5 Bd7 27. Bxb7 Ra7
28. Be4 Rc7 29. Rc1 Ke7 30. Rxc2 Rfc8 31. Rxc7 Rxc7 32. Rh5 Bc6 33. Bxc6 Rxc6
34. Ra5 Kf6 35. Kf3 Rc3+ 36. Kg4 Re3 37. Rxa6 Kg6 38. f5+ Kf6 39. Rxe6+ Rxe6 40.
fxe6 Kxe6 41. a4 1-0

[Event "Challenge"]
[Site "http://www.queenalice.com/game.php?id=1532669"]
[Date "2018.6.25"]
[Round "-"]
[White "Guilhermerocha"]
[Black "Sotto"]
[Result "1-0"]
[WhiteElo "1604"]
[BlackElo "1997"]

1. a3 d5 2. b4 e5 3. Bb2 d4 4. e3 dxe3 5. fxe3 Qh4+ 6. g3 Qe4 7. Nf3 Bg4 8. Bg2
Nd7 9. h3 Bf5 10. g4 Bg6 11. d4 exd4 12. Bxd4 Qxc2 13. Qxc2 Bxc2 14. O-O Bg6 15.
Re1 Bd6 16. e4 f6 17. e5 fxe5 18. Nxe5 Nxe5 19. Bxe5 O-O-O 20. Bxg7 Ne7 21. Bxh8
Rxh8 22. Nc3 Rf8 23. Nb5 Nc6 24. Nxd6+ cxd6 25. b5 Nd4 26. Rac1+ Kb8 27. Be4 Re8
28. Bxg6 Nf3+ 29. Kf2 Rxe1 30. Rxe1 Nxe1 31. Bxh7 1-0

[Event "Challenge"]
[Site "http://www.queenalice.com/game.php?id=1532670"]
[Date "2018.6.25"]
[Round "-"]
[White "Sotto"]
[Black "Guilhermerocha"]
[Result "1-0"]
[WhiteElo "1994"]
[BlackElo "1661"]

1. d4 e6 2. Bf4 Bb4+ 3. c3 Nf6 4. cxb4 Nc6 5. b5 Nb4 6. e3 Nfd5 7. Bg3 c6 8. a3
Qa5 9. Nd2 c5 10. axb4 Qxb4 11. Qb3 cxd4 12. Qxb4 Nxb4 13. Rb1 dxe3 14. fxe3 d5
15. Ngf3 Nc2+ 16. Kf2 O-O 17. Rc1 Nb4 18. Bd6 Rd8 19. Bxb4 a5 20. Ra1 b6 21. Bd3
axb4 22. Rxa8 1-0

[Event "AUTO-ADV-4024"]
[Site "http://www.queenalice.com/game.php?id=1536485"]
[Date "2018.7.28"]
[Round "2"]
[White "mascarade"]
[Black "Sotto"]
[Result "0-1"]
[WhiteElo "1877"]
[BlackElo "1976"]

1. Nf3 d5 2. d4 Bf5 3. Nc3 Nc6 4. Nh4 Bg4 5. h3 Bh5 6. g4 e6 7. Ng2 Bg6 8. Nf4
Nf6 9. Nxg6 hxg6 10. Bg5 Qd7 11. f3 Bd6 12. f4 Nh7 13. Rg1 Nxg5 14. fxg5 Bf4 15.
Qd3 Bxg5 16. e3 Nb4 17. Qe2 Bxe3 18. a3 Bxg1 0-1

[Event "AUTO-ADV-4024"]
[Site "http://www.queenalice.com/game.php?id=1536486"]
[Date "2018.7.28"]
[Round "2"]
[White "Sotto"]
[Black "mascarade"]
[Result "1-0"]
[WhiteElo "1963"]
[BlackElo "1877"]

1. d4 c5 2. d5 d6 3. e4 f5 4. exf5 Bxf5 5. Nf3 Nf6 6. Nh4 Be4 7. c4 Nbd7 8. Nd2
Qa5 9. f3 Bg6 10. Nxg6 hxg6 11. Qc2 O-O-O 12. Bd3 Ne5 13. Bxg6 Nxg6 14. Qxg6 Nd7
15. f4 1-0

[Event "AUTO-ADV-4024"]
[Site "http://www.queenalice.com/game.php?id=1536489"]
[Date "2018.7.28"]
[Round "2"]
[White "ignacius_01"]
[Black "Sotto"]
[Result "0-1"]
[WhiteElo "1878"]
[BlackElo "1988"]

1. d4 d5 2. c4 e5 3. dxe5 d4 4. Nf3 Nc6 5. a3 Bg4 6. Nbd2 Nge7 7. Qc2 Ng6 8. h3
Be6 9. Qe4 Qd7 10. Qc2 Ncxe5 11. b3 c5 12. Nxe5 Nxe5 13. Qb2 Be7 14. Nb1 Bf6 15.
Bd2 O-O 16. Qc1 d3 17. e3 Nxc4 18. Nc3 Nxd2 19. Qxd2 Bxb3 20. Qxd3 Qxd3 0-1

[Event "AUTO-ADV-4024"]
[Site "http://www.queenalice.com/game.php?id=1536490"]
[Date "2018.7.28"]
[Round "2"]
[White "Sotto"]
[Black "ignacius_01"]
[Result "1-0"]
[WhiteElo "2000"]
[BlackElo "1866"]

1. d4 d5 2. Bf4 Nf6 3. Nf3 e6 4. e3 Be7 5. h3 a6 6. a4 O-O 7. Bd3 c5 8. c3 c4 9.
Bc2 Nbd7 10. Nbd2 b6 11. Ne5 Bb7 12. Qf3 g6 13. Bh6 Re8 14. h4 Bf8 15. Bg5 Be7
16. g4 Nf8 17. h5 Kg7 18. hxg6 fxg6 19. Bh6+ Kg8 20. g5 Nh5 21. Qf7+ 1-0

[Event "AUTO-ADV-4024"]
[Site "http://www.queenalice.com/game.php?id=1536491"]
[Date "2018.7.28"]
[Round "2"]
[White "chessman"]
[Black "Sotto"]
[Result "0-1"]
[WhiteElo "1993"]
[BlackElo "1961"]

1. e4 c5 2. b4 cxb4 3. a3 d5 4. exd5 Qxd5 5. d4 e5 6. dxe5 Qxe5+ 7. Qe2 Qxe2+ 8.
Bxe2 Nc6 9. axb4 Bxb4+ 10. Bd2 Nf6 11. Nf3 O-O 12. O-O Bf5 13. Bd3 Bxd3 14. cxd3
a5 15. Bxb4 Nxb4 16. d4 b6 17. Na3 Rac8 18. Rac1 Nfd5 19. Ne5 Nc3 20. Ra1 Ne2+
21. Kh1 Rfd8 22. Nf3 Nxd4 23. Nxd4 Rxd4 24. Rfd1 Rxd1+ 25. Rxd1 Kf8 26. g3 Rc3
27. Nb5 Rc5 28. Nd6 Rd5 29. Rxd5 Nxd5 30. Nb5 Ke7 31. Kg2 Kd7 32. f4 Nc7 33. Na3
b5 34. Kf3 f5 35. Ke3 Ke6 36. Kd4 Kd6 37. Nc2 Ne6+ 38. Kc3 Kc5 39. Na1 b4+ 40.
Kb3 Nd4+ 41. Kb2 a4 42. Ka2 Kc4 0-1

[Event "AUTO-ADV-4024"]
[Site "http://www.queenalice.com/game.php?id=1536492"]
[Date "2018.7.28"]
[Round "2"]
[White "Sotto"]
[Black "chessman"]
[Result "0-1"]
[WhiteElo "1980"]
[BlackElo "1974"]

1. d4 d5 2. Bf4 e6 3. Nf3 Nf6 4. Nbd2 Be7 5. h3 O-O 6. e3 c5 7. c3 Nc6 8. Bd3
Re8 9. Ne5 cxd4 10. exd4 a6 11. g4 Nxe5 12. dxe5 Nd7 13. Nf3 Nc5 14. Bc2 Bd7 15.
g5 Bc6 16. b4 Ne4 17. Bxe4 dxe4 18. Qxd8 Rexd8 19. Nd4 Bxb4 20. cxb4 Rxd4 21. a3
e3 22. Bxe3 Rxb4 23. axb4 Bxh1 24. b5 Bd5 25. Bc5 Bc4 26. bxa6 bxa6 27. Bb6 Rb8
28. Rd1 h6 29. Rd8+ Rxd8 30. Bxd8 hxg5 31. Bxg5 Kh7 32. Kd2 Kg6 33. h4 f6 34.
Bf4 Kh5 35. exf6 gxf6 36. Bg3 Kg4 37. Kc3 Bb5 38. Kb4 f5 39. Kc3 f4 40. Bh2 e5
41. f3+ Kxf3 42. h5 Be8 43. h6 Bg6 0-1

[Event "Challenge"]
[Site "http://www.queenalice.com/game.php?id=1539006"]
[Date "2018.8.16"]
[Round "-"]
[White "Rommel"]
[Black "Sotto"]
[Result "1-0"]
[WhiteElo "2025"]
[BlackElo "1968"]

1. e4 c5 2. Nf3 Nc6 3. d4 cxd4 4. Nxd4 e6 5. Nc3 a6 6. a4 Bc5 7. Nb3 Bb4 8. Be2
Nf6 9. Bg5 h6 10. Bd2 b6 11. f4 O-O 12. Bd3 Bb7 13. O-O Na5 14. Nxa5 Bxa5 15.
Qe2 d5 16. exd5 exd5 17. Rae1 Bb4 18. Qf3 Qd7 19. Re2 d4 20. Ne4 Bxe4 21. Bxe4
Nxe4 22. Bxb4 Nf6 23. Bxf8 Rxf8 24. Rfe1 Qxa4 25. b3 Qb4 26. f5 Rc8 27. Qb7 Qc5
28. Re7 Rf8 29. Rc7 Qd5 30. Qxb6 Qxf5 31. Qxd4 Ng4 32. h3 Nf6 33. Re5 Qg6 34.
Qd6 Ne4 35. Qxg6 fxg6 36. Rxe4 1-0

[Event "Challenge"]
[Site "http://www.queenalice.com/game.php?id=1541817"]
[Date "2018.9.10"]
[Round "-"]
[White "dnptrs"]
[Black "Sotto"]
[Result "1-0"]
[WhiteElo "2129"]
[BlackElo "1989"]

1. d4 d5 2. Nf3 Bf5 3. e3 e6 4. c4 c6 5. Nc3 a6 6. cxd5 cxd5 7. Qb3 b5 8. a4 b4
9. Ne2 a5 10. Ng3 Bg6 11. Ne5 Bd6 12. Bd3 Bxe5 13. dxe5 Nd7 14. Bxg6 hxg6 15. f4
g5 16. Bd2 gxf4 17. exf4 Nh6 18. Qf3 g6 19. O-O Qh4 20. h3 Rc8 21. Rac1 Ke7 22.
Rxc8 Rxc8 23. Be1 Rc1 24. Nf5+ Nxf5 25. Bxh4+ Nxh4 26. Qf2 Rxf1+ 27. Kxf1 Nf5
28. g4 1-0

[Event "Challenge"]
[Site "http://www.queenalice.com/game.php?id=1541818"]
[Date "2018.9.10"]
[Round "-"]
[White "Sotto"]
[Black "dnptrs"]
[Result "0-1"]
[WhiteElo "1979"]
[BlackElo "2103"]

1. d4 Nf6 2. Nf3 e6 3. Bf4 d5 4. e3 c5 5. Nbd2 Nc6 6. c3 cxd4 7. exd4 a6 8. Bd3
Be7 9. h3 h6 10. a4 O-O 11. O-O Bd7 12. Ne5 Be8 13. Ndf3 Nd7 14. Qe2 Rc8 15.
Nxc6 bxc6 16. Bxa6 Nb6 17. Bxc8 Qxc8 18. Ne5 f6 19. Ng4 Bf7 20. Ne3 Nd7 21. b4
e5 22. dxe5 fxe5 23. Bg3 e4 24. a5 Bf6 25. Rfc1 h5 26. Nf5 Bg6 27. Nd6 Qd8 28.
Qa6 Ne5 29. Bxe5 Bxe5 30. Nb7 Qf6 31. Ra2 Qf4 32. g3 Qxc1+ 33. Kg2 Qxc3 34. b5
Qf3+ 35. Kg1 e3 36. bxc6 exf2+ 0-1

[Event "Challenge"]
[Site "http://www.queenalice.com/game.php?id=1543501"]
[Date "2018.9.23"]
[Round "-"]
[White "ymfrancois"]
[Black "Sotto"]
[Result "1-0"]
[WhiteElo "1905"]
[BlackElo "1982"]

1. d4 d5 2. Bf4 Bf5 3. e3 e6 4. c4 Bb4+ 5. Nc3 c6 6. Nf3 Nf6 7. a3 Ba5 8. b4 Bc7
9. Be5 Nbd7 10. Bxc7 Qxc7 11. c5 h6 12. Be2 Ne4 13. Nxe4 Bxe4 14. O-O Nf6 15.
Ne5 Rb8 16. Bf3 O-O 17. Bxe4 Nxe4 18. f3 Nf6 19. Qe1 Rbd8 20. a4 a6 21. Rb1 Ra8
22. b5 axb5 23. axb5 Nd7 24. b6 Qd8 25. Nxd7 Qxd7 26. Qg3 Ra6 27. Ra1 Rfa8 28.
Rxa6 Rxa6 29. Qc7 Qe8 30. Qxb7 Qa8 31. Qxa8+ Rxa8 32. Rb1 Kf8 33. b7 Rb8 34. Rb6
Ke7 35. Rxc6 Rxb7 36. f4 g6 37. g4 Rb1+ 38. Kf2 Rc1 39. Rc7+ Kf6 40. h4 Rc4 41.
g5+ hxg5 42. hxg5+ Kg7 43. Ke2 Kf8 44. Kd3 Rc1 45. Kd2 Rc4 46. Kd3 Rc1 47. Rc8+
Ke7 48. Rc7+ Kf8 49. Rb7 Ke8 50. Rb6 Kd7 51. Rb7+ Ke8 52. Rb6 Kd7 53. Rb2 Kc6
54. Rh2 Ra1 55. Rh7 Ra7 56. Kc3 Ra3+ 57. Kd2 Ra2+ 58. Kd3 Ra3+ 59. Ke2 Ra2+ 60.
Kf3 Ra7 61. Kg4 Rb7 62. Rh8 Rc7 63. Ra8 Kd7 64. Rg8 Ke7 65. Kf3 Ra7 66. Rb8 Kd7
67. Rb3 Ra4 68. Rd3 Ke7 69. e4 f6 70. exd5 exd5 71. gxf6+ Kxf6 72. Ke3 g5 73.
fxg5+ Kxg5 74. Rc3 Ra7 75. c6 Rc7 76. Rc2 Kf5 77. Rc5 Ke6 78. Kf4 Kd6 79. Kf5
Rf7+ 80. Kg6 Rc7 81. Kf6 1-0

[Event "Challenge"]
[Site "http://www.queenalice.com/game.php?id=1543502"]
[Date "2018.9.23"]
[Round "-"]
[White "Sotto"]
[Black "ymfrancois"]
[Result "1-0"]
[WhiteElo "1954"]
[BlackElo "1920"]

1. d4 d5 2. Bf4 Bf5 3. e3 e6 4. Nf3 Nf6 5. h3 a6 6. a4 c5 7. Nbd2 Nc6 8. c3 c4
9. Be2 b5 10. Ne5 Nxe5 11. dxe5 Ne4 12. Nf3 Be7 13. Nd4 Bg6 14. axb5 axb5 15.
Rxa8 Qxa8 16. Nxb5 Qb7 17. Qa4 O-O 18. Nd4 Qxb2 19. Qc2 Qxc2 20. Nxc2 Nxf2 21.
Kxf2 Bxc2 22. Ra1 h6 23. Ra2 Bb3 24. Ra1 Bd8 25. Bf3 Bc2 26. Ra2 Bd3 27. Be2
Bxe2 28. Kxe2 Bc7 29. Ra7 Bb6 30. Ra6 Bc5 31. Ra5 Be7 32. Kf3 g5 33. Bg3 h5 34.
e4 dxe4+ 35. Kxe4 f5+ 36. exf6 Bxf6 37. Rc5 Bxc3 38. Rxg5+ Kf7 39. Rc5 Kg6 40.
Rxc4 Ba1 41. Ke3 Re8 42. Re4 e5 43. Ra4 Bd4+ 44. Ke4 Kg5 45. Ra7 h4 46. Be1 Rf8
47. Rg7+ Kf6 48. Rg4 Ra8 49. Bxh4+ Kf7 50. Bg5 Ra4 51. Kf5 Ra6 52. h4 Kg7 53.
Bf6+ Kf7 54. Bxe5 Bxe5 55. Kxe5 Ra5+ 56. Kf4 Ra4+ 57. Kg3 1-0

[Event "Challenge"]
[Site "http://www.queenalice.com/game.php?id=1544602"]
[Date "2018.10.2"]
[Round "-"]
[White "Sotto"]
[Black "Excsiu"]
[Result "1-0"]
[WhiteElo "1961"]
[BlackElo "1839"]

1. d4 d5 2. Bf4 e6 3. Nf3 Nc6 4. e3 Bd6 5. Bg5 f6 6. Bh4 g5 7. Bg3 h5 8. h3 a6
9. a4 h4 10. Bxd6 Qxd6 11. c3 e5 12. dxe5 fxe5 13. Nbd2 g4 14. hxg4 Bxg4 15. Be2
Nf6 16. Rxh4 Rg8 17. g3 e4 18. Nh2 Bxe2 19. Qxe2 Ne7 20. Ng4 Ng6 21. Rh6 Qf8 22.
Nxf6+ Qxf6 23. Qg4 Qb6 24. O-O-O Qf6 25. Rf1 Kf7 26. Qd7+ Kf8 27. Qxc7 Qg5 28.
Rh7 Ne7 29. Qxb7 Re8 30. Qxa6 Rg6 31. Qb5 Rh6 32. Rxh6 Qxh6 33. Qc5 Qa6 34. Rh1
1-0

[Event "Melania"]
[Site "http://www.queenalice.com/game.php?id=1548397"]
[Date "2018.11.6"]
[Round "-"]
[White "Sotto"]
[Black "Copelipon"]
[Result "1-0"]
[WhiteElo "1969"]
[BlackElo "1887"]

1. d4 Nf6 2. Nf3 g6 3. Bf4 Bg7 4. e3 O-O 5. h3 d6 6. Nbd2 b6 7. Be2 c5 8. c3 Nh5
9. Bh2 f5 10. Ng5 e5 11. Ngf3 e4 12. Ng1 Nf6 13. g4 d5 14. gxf5 Bxf5 15. Bf4 1-0

[Event "Challenge"]
[Site "http://www.queenalice.com/game.php?id=1548509"]
[Date "2018.11.7"]
[Round "-"]
[White "Joao_07"]
[Black "Sotto"]
[Result "0-1"]
[WhiteElo "1454"]
[BlackElo "1963"]

1. e4 c5 2. e5 Nc6 3. f4 d6 4. Bb5 Bd7 5. Bxc6 Bxc6 6. Qe2 dxe5 7. fxe5 e6 8.
Nc3 Ne7 9. a3 Nf5 10. a4 Nd4 11. Qf2 Nxc2+ 12. Kd1 Nxa1 13. Nge2 Be7 14. Rf1 O-O
15. Nf4 Nb3 16. Qg3 Nxc1 17. Nh5 g6 18. Kxc1 f6 19. exf6 Bxf6 20. Nf4 Qd6 21.
Qe3 Bd4 0-1

[Event "Genoveva"]
[Site "http://www.queenalice.com/game.php?id=1560108"]
[Date "2019.2.7"]
[Round "-"]
[White "Sotto"]
[Black "Copelipon"]
[Result "0-1"]
[WhiteElo "1972"]
[BlackElo "1854"]

1. d4 f5 2. Bf4 Nf6 3. h3 b6 4. Nf3 e6 5. e3 Bb7 6. Be2 c5 7. c3 Be7 8. Nbd2 O-O
9. Nc4 Ne4 10. Bd3 d5 11. Nce5 Nd7 12. Nxd7 Qxd7 13. Ne5 Qe8 14. O-O g5 15. Bh2
cxd4 16. exd4 f4 17. Qc2 Bd6 18. f3 Nf6 19. Ng4 Qh5 20. Rae1 Rae8 21. Re2 a6 22.
Rfe1 Bc8 23. Bf5 Nxg4 24. Bxg4 Qf7 25. a4 h5 26. Bxe6 Bxe6 27. Qd3 a5 28. Qb5
Bc7 29. Qc6 Qd7 30. Rxe6 Qxc6 0-1